Nuevo método de solfeo y lectura rítmica en cuatro tomos

Uloženo v:
Podrobná bibliografie
Hlavní autor: Soro, Enrique (Autor)
Médium: Kniha
Jazyk:angličtina
španělština
Vydáno: Nueva York G. Schirmer 1920
Témata:
Tagy: Přidat tag
Žádné tagy, Buďte první, kdo vytvoří štítek k tomuto záznamu!

MARC

LEADER 00000nam a2200000 a 4500
001 UCM0279
003 CL-VaPUC
008 020125e19200000US |||||||||||||||||eng|d
041 0 7 |a eng  |2 CL-VaPUC 
041 0 7 |a spa  |2 CL-VaPUC 
082 0 4 |a 781.4212  |b SOR  |2 21 
100 0 |a Soro, Enrique  |e author  |9 466990 
245 1 0 |a Nuevo método de solfeo y lectura rítmica en cuatro tomos 
246 1 2 |a A new method of solfeggio and rhythmic reaging in four parts 
300 |a v 
942 |c BK 
945 |d 20020125 00:00:00  |a lriquelm 
260 |a Nueva York  |b G. Schirmer  |c 1920 
650 7 |a SOLFEO - ESTUDIO E INSTRUCCION  |2 CL-VaPUC  |9 331722 
650 0 |a Solfeo, ejercicios y estudios  |9 466981 
650 7 |a SOLFEO - TECNICAS DE LA MUSICA  |2 CL-VaPUC  |9 466982 
650 0 |a Solfeo, técnicas de ejecución  |9 466983 
650 0 |a Solfeo, interpretación  |9 466984 
650 0 |a Solfeo, partituras  |9 466985 
650 0 |a Elementos de la música  |9 416977 
650 7 |a LECTURA RITMICA  |2 CL-VaPUC  |9 466991 
583 |a last modification  |c 20020125 00:00:00  |k Rodrigo Vera 
999 |c 299246  |d 299244 
952 |0 0  |1 0  |4 0  |6 781_421200000000000_SOR_1920  |7 0  |8 A  |9 355529  |a BIBEDU  |b BIBEDU  |d 2019-11-21  |h v.1  |i 1156608  |o 781.4212 SOR 1920  |p 1156608  |r 2023-01-12  |w 2019-11-21  |y BK  |k MUS 
952 |0 0  |1 0  |4 0  |6 781_421200000000000_SOR_1920  |7 0  |8 A  |9 355530  |a BIBEDU  |b BIBEDU  |d 2019-11-21  |h v.2  |i 1156616  |o 781.4212 SOR 1920  |p 1156616  |r 2023-01-12  |w 2019-11-21  |y BK  |k MUS 
952 |0 0  |1 0  |4 0  |6 781_421200000000000_SOR_1920  |7 0  |8 A  |9 355531  |a BIBEDU  |b BIBEDU  |d 2019-11-21  |h v.3  |i 1156624  |o 781.4212 SOR 1920  |p 1156624  |r 2023-01-12  |w 2019-11-21  |y BK  |k MUS